000 00755nam a2200217Ia 4500
003 GCL
008 140319s9999 xx 000 0 ara d
040 _aGCL /
_cGCL
082 0 4 _aد
_b050
100 1 _aاحمد عبدالله عبدالعزيز
245 1 0 _aالصهيونيةغير اليهودية: جذورها فى التاريخ الغربى (عالم المعرف 96) /
_cاحمد عبدالله عبدالعزيز
300 _a302 ص
490 _aعالم المعرفة
_v0
650 0 4 _aاسرائيل
650 0 4 _aالثقافة
650 0 4 _aالصهيونية
650 0 4 _aالعلاقات الثقافية
650 0 4 _aالدعاية الصهيونية
650 0 4 _aالصهيونية واليهودية
942 _2ddc
_cBK
999 _c50447
_d50447